00333nam a2200121Ia 4500008004100000041001200041082002100053100002300074245006000097250001300157260003300170300000800203231217s9999 xx 000 0 und d aEnglish a153.9 SUD1;1 R aSudha Publications 0aTest of reasoning (verbal) (Competition success review) a16th ed. c2004bSudha Publ.aNew Delhi a249